Návrh udržateľných opatrení na finančno-ekonomickú analýzu podniku NMB-Minebea Slovakia s.r.o.

Enregistré dans:
Détails bibliographiques
Auteur principal: Bango, Erik (Auteur)
Autres auteurs: Pastýr, Andrej (Directeur de thèse)
Format: Manuscrit Livre
Langue:slovaque
Publié: 2017
Sujets:
Accès en ligne:http://is.stuba.sk/zp/portal_zp.pl?podrobnosti=114957
Tags: Ajouter un tag
Pas de tags, Soyez le premier à ajouter un tag!

MARC

LEADER 00000ntm a22000003a 4500
001 stuzp62462
003 SK-STU
005 20170624211547.4
007 ta
008 150427s2015----xo-----f-mn---000-0-slo-d
040 |a STU  |b slo 
041 0 |a slo 
100 1 |a Bango, Erik  |u 064000  |4 aut  |U MTF Materiálovotechnologická fakulta  |T MTF Ústav priemyselného inžinierstva a manažmentu  |X 73308  |U M4000  |Y 84  |7 73308 
242 0 1 |a Proposal for Sustainable Measures for Financial-Economic Analysis of the Company NMB-Minebea Slovakia s.r.o.  |y eng 
245 1 0 |a Návrh udržateľných opatrení na finančno-ekonomickú analýzu podniku NMB-Minebea Slovakia s.r.o. 
260 |c 2017 
650 4 |a Význam finančnej analýzy  |2 slo 
650 4 |a Používatelia finančnej analýzy  |2 slo 
650 4 |a Rentabilita  |2 slo 
650 4 |a Aktivita  |2 slo 
650 4 |a Likvidita  |2 slo 
650 4 |a Zadlženosť  |2 slo 
650 4 |a Importance of financial analysis  |2 eng 
650 4 |a Users of financial analysis  |2 eng 
650 4 |a Profitability  |2 eng 
650 4 |a Activity  |2 eng 
650 4 |a Liquidity  |2 eng 
650 4 |a Indebtedness  |2 eng 
700 1 |a Pastýr, Andrej  |u 064000  |k Z3  |4 ths  |U MTF Materiálovotechnologická fakulta  |T MTF Ústav priemyselného inžinierstva a manažmentu  |X 69576  |U M4000  |Y 84  |7 A000069576 
856 4 |u http://is.stuba.sk/zp/portal_zp.pl?podrobnosti=114957 
996 |c M* BP-7948  |l MMSKP  |s P  |a 0  |w stuzp62462_0001